<?xml version="1.0" encoding="UTF-8"?>
<collection xmlns="http://www.loc.gov/MARC21/slim">
    <record>
        <controlfield tag="001">82037</controlfield>
        <controlfield tag="005">20190910134943.0</controlfield>
        <datafield tag="037" ind1=" " ind2=" ">
            <subfield code="a">GDOC-2018-28438</subfield>
        </datafield>
        <datafield tag="041" ind1=" " ind2=" ">
            <subfield code="a">spa</subfield>
        </datafield>
        <datafield tag="041" ind1=" " ind2=" ">
            <subfield code="a">eng</subfield>
        </datafield>
        <datafield tag="100" ind1=" " ind2=" ">
            <subfield code="0">(orcid)0000-0002-0351-3026</subfield>
            <subfield code="1">386437</subfield>
            <subfield code="a">JOAQUÍN AIBAR, LETE</subfield>
        </datafield>
        <datafield tag="245" ind1="0" ind2="0">
            <subfield code="9">28438</subfield>
            <subfield code="a">Producción y sanidad apícolas</subfield>
        </datafield>
        <datafield tag="242" ind1="0" ind2="0">
            <subfield code="9">28438</subfield>
            <subfield code="a">Beekeeping: Production and Health</subfield>
        </datafield>
        <datafield tag="260" ind1=" " ind2=" ">
            <subfield code="a">Zaragoza</subfield>
            <subfield code="b">Universidad de Zaragoza</subfield>
            <subfield code="c">2018-2019</subfield>
        </datafield>
        <datafield tag="521" ind1=" " ind2=" ">
            <subfield code="9">130</subfield>
            <subfield code="a">Graduado en Veterinaria</subfield>
            <subfield code="b">Degree in Veterinary Science</subfield>
        </datafield>
        <datafield tag="540" ind1=" " ind2=" ">
            <subfield code="a">by-nc-sa</subfield>
            <subfield code="b">Creative Commons</subfield>
            <subfield code="c">3.0</subfield>
            <subfield code="u">http://creativecommons.org/licenses/by-nc-sa/3.0/</subfield>
        </datafield>
        <datafield tag="700" ind1=" " ind2=" ">
            <subfield code="0">(orcid)0000-0002-4877-5249</subfield>
            <subfield code="1">507770</subfield>
            <subfield code="a">OLIVIA BARRANTES, DÍAZ</subfield>
        </datafield>
        <datafield tag="700" ind1=" " ind2=" ">
            <subfield code="0">''</subfield>
            <subfield code="1">550365</subfield>
            <subfield code="a">Cristina Escolar, Miñana</subfield>
        </datafield>
        <datafield tag="700" ind1=" " ind2=" ">
            <subfield code="0">(orcid)0000-0003-1417-272X</subfield>
            <subfield code="1">363206</subfield>
            <subfield code="a">MARÍA JESÚS GRACIA, SALINAS</subfield>
        </datafield>
        <datafield tag="700" ind1=" " ind2=" ">
            <subfield code="0">(orcid)0000-0003-1479-7076</subfield>
            <subfield code="1">138189</subfield>
            <subfield code="a">JOSÉ IGNACIO MARTÍ, JIMÉNEZ</subfield>
        </datafield>
        <datafield tag="700" ind1=" " ind2=" ">
            <subfield code="0">(orcid)0000-0001-5095-3289</subfield>
            <subfield code="1">495809</subfield>
            <subfield code="a">TANIA PÉREZ, SÁNCHEZ</subfield>
        </datafield>
        <datafield tag="700" ind1=" " ind2=" ">
            <subfield code="0">(orcid)0000-0003-2247-0954</subfield>
            <subfield code="1">386740</subfield>
            <subfield code="a">MARÍA CONSOLACIÓN PÉREZ, ARQUILLUÉ</subfield>
        </datafield>
        <datafield tag="700" ind1=" " ind2=" ">
            <subfield code="0">(orcid)0000-0002-4905-3694</subfield>
            <subfield code="1">224315</subfield>
            <subfield code="a">MARÍA HELENA RESANO, EZCARAY</subfield>
        </datafield>
        <datafield tag="700" ind1=" " ind2=" ">
            <subfield code="0">(orcid)0000-0001-6166-7499</subfield>
            <subfield code="1">386194</subfield>
            <subfield code="a">CARLOS SAÑUDO, ASTIZ</subfield>
        </datafield>
        <datafield tag="830" ind1=" " ind2=" ">
            <subfield code="9">451</subfield>
        </datafield>
        <datafield tag="856" ind1="4" ind2=" ">
            <subfield code="s">11727</subfield>
            <subfield code="u">http://zaguan.unizar.es/record/82037/files/guia-28438-en.pdf</subfield>
            <subfield code="y">Guide (english)</subfield>
        </datafield>
        <datafield tag="856" ind1="4" ind2=" ">
            <subfield code="s">17693</subfield>
            <subfield code="u">http://zaguan.unizar.es/record/82037/files/guia-28438-es.pdf</subfield>
            <subfield code="y">Guía (idioma español)</subfield>
        </datafield>
        <datafield tag="970" ind1=" " ind2=" ">
            <subfield code="a">GDOC-2018-28438</subfield>
        </datafield>
        <datafield tag="980" ind1=" " ind2=" ">
            <subfield code="a">GDOC</subfield>
            <subfield code="b">Ciencias de la Salud</subfield>
            <subfield code="b">Health Sciences</subfield>
            <subfield code="c">105</subfield>
        </datafield>
    </record>

    
</collection>